[Event "2012"]
[Site "Pyhajarve"]
[Date "2012.11.25"]
[Round "27.5"]
[White "LAINE, Panu"]
[Black "VOLODIN, Aleksandr"]
[Result "0-1"]
[LiveChessVersion "1.3.1"]
[BlackElo "2446"]
[WhiteElo "2207"]

1. e4 {[%clk 0:15:59]} c5 {[%clk 0:04:00]} 2. Nf3 {[%clk 0:15:58]} e6
{[%clk 0:03:59]} 3. c3 {[%clk 0:15:57]} Nf6 {[%clk 0:03:58]} 4. Bd3
{[%clk 0:15:52]} Nc6 {[%clk 0:03:57]} 5. O-O {[%clk 0:15:51]} d6 {[%clk 0:03:56]}
6. Bc2 {[%clk 0:15:50]} e5 {[%clk 0:03:56]} 7. h3 {[%clk 0:15:48]} Be7
{[%clk 0:03:55]} 8. d4 {[%clk 0:15:47]} O-O {[%clk 0:03:53]} 9. Re1
{[%clk 0:15:44]} Qc7 {[%clk 0:03:50]} 10. Be3 {[%clk 0:15:32]} Re8
{[%clk 0:03:48]} 11. Nbd2 {[%clk 0:15:27]} Bf8 {[%clk 0:03:46]} 12. Nf1
{[%clk 0:15:18]} b6 {[%clk 0:03:44]} 13. Ng3 {[%clk 0:15:14]} g6 {[%clk 0:03:41]}
14. Qd2 {[%clk 0:15:03]} Bg7 {[%clk 0:03:39]} 15. Bb3 {[%clk 0:14:43]} Na5
{[%clk 0:03:37]} 16. Bc2 {[%clk 0:14:36]} Nc4 {[%clk 0:03:36]} 17. Qc1
{[%clk 0:14:35]} Nxe3 {[%clk 0:03:35]} 18. Qxe3 {[%clk 0:14:31]} exd4
{[%clk 0:03:34]} 19. cxd4 {[%clk 0:14:29]} Bb7 {[%clk 0:03:33]} 20. Rac1
{[%clk 0:14:08]} Re7 {[%clk 0:03:32]} 21. Qf4 {[%clk 0:13:20]} Rae8
{[%clk 0:03:29]} 22. dxc5 {[%clk 0:11:45]} bxc5 {[%clk 0:03:26]} 23. Rcd1
{[%clk 0:11:35]} Rd8 {[%clk 0:03:01]} 24. e5 {[%clk 0:10:49]} dxe5
{[%clk 0:02:59]} 25. Rxd8+ {[%clk 0:10:46]} Qxd8 {[%clk 0:02:59]} 26. Rxe5
{[%clk 0:09:43]} Nd5 {[%clk 0:02:54]} 27. Rxe7 {[%clk 0:09:37]} Nxf4
{[%clk 0:02:51]} 28. Rxb7 {[%clk 0:09:35]} c4 {[%clk 0:02:39]} 29. Ne4
{[%clk 0:09:08]} Nd3 {[%clk 0:02:23]} 30. b3 {[%clk 0:08:51]} Qa8
{[%clk 0:02:09]} 31. Nd6 {[%clk 0:08:27]} Bf8 0-1

[Event "2012"]
[Site "Pyhajarve"]
[Date "2012.11.25"]
[Round "27.6"]
[White "HAAVAMAE, Henrik"]
[Black "SMITH, Axel"]
[Result "0-1"]
[LiveChessVersion "1.3.1"]
[BlackElo "2490"]
[WhiteElo "1902"]

1. e4 c5 2. Nf3 e6 3. d4 {[%clk 0:13:57]} cxd4 {[%clk 0:05:59]} 4. Nxd4
{[%clk 0:13:55]} a6 {[%clk 0:05:59]} 5. Nc3 b5 6. a3 {[%clk 0:13:48]} Bb7
{[%clk 0:05:52]} 7. Bd3 {[%clk 0:13:43]} Qb6 {[%clk 0:05:48]} 8. Nb3
{[%clk 0:13:30]} Qc7 {[%clk 0:05:47]} 9. O-O {[%clk 0:13:20]} Nf6
{[%clk 0:05:46]} 10. Be3 {[%clk 0:13:11]} Be7 {[%clk 0:05:32]} 11. f4
{[%clk 0:13:02]} d6 {[%clk 0:05:30]} 12. Qf3 {[%clk 0:12:37]} Nc6
{[%clk 0:05:21]} 13. Rae1 {[%clk 0:11:39]} b4 {[%clk 0:05:20]} 14. axb4
{[%clk 0:11:32]} Nxb4 {[%clk 0:05:20]} 15. Nd4 {[%clk 0:10:50]} Nd7
{[%clk 0:05:00]} 16. Qg4 {[%clk 0:10:30]} g6 {[%clk 0:04:37]} 17. f5
{[%clk 0:09:48]} Ne5 {[%clk 0:04:31]} 18. Qe2 {[%clk 0:09:29]} exf5
{[%clk 0:03:41]} 19. exf5 {[%clk 0:09:22]} Nbxd3 {[%clk 0:03:39]} 20. cxd3
{[%clk 0:09:18]} Bh4 {[%clk 0:03:29]} 21. g3 {[%clk 0:07:21]} Be7
{[%clk 0:03:28]} 22. f6 {[%clk 0:06:52]} Bf8 {[%clk 0:03:28]} 23. Bf4
{[%clk 0:05:45]} O-O-O {[%clk 0:03:11]} 24. Rc1 {[%clk 0:05:26]} Kb8
{[%clk 0:03:11]} 25. Ne4 {[%clk 0:04:33]} Qd7 {[%clk 0:02:45]} 26. Rc3
{[%clk 0:03:45]} h5 {[%clk 0:02:42]} 27. Rfc1 {[%clk 0:03:34]} h4
{[%clk 0:02:40]} 28. Bxe5 {[%clk 0:03:17]} dxe5 29. Nc6+ Bxc6 {[%clk 0:02:32]}
30. Rxc6 {[%clk 0:03:16]} Qd4+ {[%clk 0:02:26]} 31. Qf2 {[%clk 0:02:37]} Qxf2+
{[%clk 0:02:17]} 32. Kxf2 {[%clk 0:02:17]} hxg3+ {[%clk 0:02:16]} 33. hxg3
{[%clk 0:02:12]} Rh2+ {[%clk 0:02:15]} 34. Ke3 {[%clk 0:02:07]} Rxb2
{[%clk 0:02:13]} 35. Ng5 {[%clk 0:01:58]} Bh6 {[%clk 0:02:06]} 36. Kd4 0-1

[Event "2012"]
[Site "Pyhajarve"]
[Date "2012.11.25"]
[Round "28.2"]
[White "VOROBJOV, Pavel"]
[Black "NYBACK, Tomi"]
[Result "0-1"]
[LiveChessVersion "1.3.1"]
[BlackElo "2631"]
[WhiteElo "2206"]

1. Nf3 {[%clk 0:11:56]} Nf6 {[%clk 0:07:59]} 2. d4 {[%clk 0:11:55]} g6
{[%clk 0:07:58]} 3. c4 {[%clk 0:11:54]} Bg7 {[%clk 0:07:57]} 4. Nc3
{[%clk 0:11:52]} d5 {[%clk 0:07:56]} 5. Bf4 {[%clk 0:11:47]} O-O {[%clk 0:07:49]}
6. e3 {[%clk 0:11:46]} c5 {[%clk 0:07:47]} 7. dxc5 {[%clk 0:11:34]} Qa5
{[%clk 0:07:45]} 8. Nd2 {[%clk 0:10:29]} dxc4 {[%clk 0:07:10]} 9. Nxc4
{[%clk 0:10:26]} Qxc5 {[%clk 0:07:07]} 10. Be2 {[%clk 0:10:14]} Nc6
{[%clk 0:07:03]} 11. O-O {[%clk 0:09:57]} Rd8 {[%clk 0:06:51]} 12. Qa4
{[%clk 0:09:31]} Be6 {[%clk 0:06:38]} 13. Rac1 {[%clk 0:09:09]} Qb4
{[%clk 0:06:24]} 14. Qb5 {[%clk 0:08:13]} Nd5 {[%clk 0:05:58]} 15. Qxb4
{[%clk 0:08:01]} Ndxb4 {[%clk 0:05:45]} 16. Rfd1 {[%clk 0:07:22]} Rxd1+
{[%clk 0:05:42]} 17. Rxd1 {[%clk 0:07:21]} Bxc3 {[%clk 0:05:36]} 18. bxc3
{[%clk 0:07:19]} Nxa2 {[%clk 0:05:34]} 19. Ra1 {[%clk 0:06:49]} Nxc3
{[%clk 0:05:29]} 20. Bf1 {[%clk 0:06:39]} Rd8 {[%clk 0:05:24]} 21. Nb2
{[%clk 0:05:14]} Rd2 {[%clk 0:05:06]} 22. Na4 {[%clk 0:05:13]} Nxa4
{[%clk 0:05:00]} 23. Rxa4 {[%clk 0:05:12]} Rd1 {[%clk 0:04:57]} 24. h3
{[%clk 0:04:24]} Bb3 {[%clk 0:04:54]} 0-1

[Event "2012"]
[Site "Pyhajarve"]
[Date "2012.11.25"]
[Round "28.3"]
[White "POOM, Mati"]
[Black "MIEZIS, Normunds"]
[Result "0-1"]
[LiveChessVersion "1.3.1"]
[BlackElo "2512"]
[WhiteElo "1824"]

1. d4 {[%clk 0:17:57]} Nf6 {[%clk 0:01:59]} 2. c4 {[%clk 0:17:56]} c5
{[%clk 0:01:57]} 3. Nf3 {[%clk 0:17:49]} cxd4 {[%clk 0:01:56]} 4. Nxd4
{[%clk 0:17:49]} e5 {[%clk 0:01:54]} 5. Nb5 {[%clk 0:17:36]} d5 {[%clk 0:01:52]}
6. cxd5 {[%clk 0:16:42]} Bc5 {[%clk 0:01:50]} 7. N5c3 {[%clk 0:16:01]} O-O
{[%clk 0:01:47]} 8. e3 {[%clk 0:15:20]} e4 {[%clk 0:01:45]} 9. Bc4
{[%clk 0:14:37]} Qe7 {[%clk 0:01:42]} 10. a3 {[%clk 0:14:14]} a6 {[%clk 0:01:35]}
11. b4 {[%clk 0:14:09]} Bd6 {[%clk 0:01:32]} 12. Bb2 {[%clk 0:14:07]} Bf5
{[%clk 0:01:23]} 13. Nd2 {[%clk 0:13:59]} Nbd7 {[%clk 0:01:21]} 14. Bb3
{[%clk 0:13:53]} b5 {[%clk 0:01:18]} 15. Ne2 {[%clk 0:13:10]} Ne5
{[%clk 0:01:14]} 16. Bxe5 {[%clk 0:12:49]} Bxe5 {[%clk 0:01:12]} 17. Rc1
{[%clk 0:12:48]} Rac8 {[%clk 0:01:10]} 18. Nd4 {[%clk 0:12:41]} Bxd4
{[%clk 0:01:08]} 19. exd4 {[%clk 0:12:40]} e3 {[%clk 0:01:06]} 20. Nf3
{[%clk 0:11:33]} exf2+ {[%clk 0:01:04]} 21. Kxf2 {[%clk 0:11:15]} Ng4+
{[%clk 0:01:02]} 22. Kg1 {[%clk 0:09:39]} Qe3+ {[%clk 0:01:00]} 23. Kf1
{[%clk 0:09:33]} Qf2# {[%clk 0:00:58]} 0-1

[Event "2012"]
[Site "Pyhajarve"]
[Date "2012.11.25"]
[Round "28.4"]
[White "LIIVA, Riho"]
[Black "HAAVAMAE, Henrik"]
[Result "1-0"]
[LiveChessVersion "1.3.1"]
[BlackElo "1902"]
[WhiteElo "2451"]

1. e4 {[%clk 0:04:00]} c5 {[%clk 0:16:00]} 2. Nf3 {[%clk 0:03:58]} e6
{[%clk 0:15:59]} 3. c3 {[%clk 0:03:55]} Nf6 {[%clk 0:15:57]} 4. e5
{[%clk 0:03:53]} Nd5 {[%clk 0:15:56]} 5. d4 {[%clk 0:03:50]} cxd4 6. cxd4 d6
{[%clk 0:15:50]} 7. Bd3 {[%clk 0:03:41]} Nd7 {[%clk 0:15:33]} 8. O-O
{[%clk 0:03:37]} dxe5 {[%clk 0:14:27]} 9. dxe5 {[%clk 0:03:35]} Qc7
{[%clk 0:14:05]} 10. Re1 {[%clk 0:03:12]} b6 {[%clk 0:13:52]} 11. Be4
{[%clk 0:02:22]} Bb7 {[%clk 0:13:49]} 12. Bxd5 {[%clk 0:02:21]} Bxd5
{[%clk 0:13:25]} 13. Nc3 {[%clk 0:02:21]} Bc6 {[%clk 0:12:38]} 14. Nd4
{[%clk 0:02:17]} a6 {[%clk 0:11:14]} 15. Bf4 {[%clk 0:02:05]} Bc5
{[%clk 0:10:38]} 16. Nxc6 {[%clk 0:02:04]} Qxc6 {[%clk 0:10:37]} 17. Qg4
{[%clk 0:02:03]} O-O-O {[%clk 0:09:47]} 18. Rac1 {[%clk 0:02:00]} Kb8
{[%clk 0:09:27]} 19. Ne4 {[%clk 0:01:54]} Qb5 {[%clk 0:07:28]} 20. a3
{[%clk 0:01:42]} Bd4 {[%clk 0:06:04]} 21. Nd6 {[%clk 0:01:32]} Qxb2
{[%clk 0:05:54]} 22. Qf3 {[%clk 0:01:28]} Nc5 {[%clk 0:05:06]} 23. Bg3
{[%clk 0:01:27]} Rd7 {[%clk 0:04:41]} 24. Rb1 {[%clk 0:01:24]} Qd2
{[%clk 0:04:21]} 25. Qc6 {[%clk 0:01:11]} b5 {[%clk 0:01:42]} 26. Red1
{[%clk 0:01:10]} Qc3 {[%clk 0:01:22]} 27. Rdc1 {[%clk 0:01:04]} Qxa3
{[%clk 0:01:16]} 28. Rxc5 {[%clk 0:00:58]} Qxc5 {[%clk 0:01:11]} 29. Qxd7
{[%clk 0:00:55]} Qb6 {[%clk 0:01:00]} 30. Nxb5 {[%clk 0:00:47]} Rd8
{[%clk 0:00:57]} 31. Qxf7 {[%clk 0:00:38]} axb5 {[%clk 0:00:55]} 32. Qxg7
{[%clk 0:00:28]} b4 {[%clk 0:00:50]} 33. Qxh7 {[%clk 0:00:27]} b3
{[%clk 0:00:47]} 34. h4 {[%clk 0:00:26]} b2 {[%clk 0:00:46]} 35. h5
{[%clk 0:00:25]} Rc8 {[%clk 0:00:45]} 36. h6 {[%clk 0:00:24]} Rc1+ 37. Kh2 Rxb1
{[%clk 0:00:42]} 38. Qxb1 {[%clk 0:00:23]} Qc6 {[%clk 0:00:40]} 39. h7
{[%clk 0:00:21]} Qe8 {[%clk 0:00:37]} 40. Bh4 Qh5 {[%clk 0:00:35]} 41. g3
{[%clk 0:00:18]} Qh6 {[%clk 0:00:33]} 42. Qe4 {[%clk 0:00:16]} Qg7
{[%clk 0:00:30]} 43. Kg2 {[%clk 0:00:15]} Qh8 {[%clk 0:00:29]} 44. Bf6
{[%clk 0:00:14]} Qf8 45. h8=Q {[%clk 0:00:14]} Qxh8 {[%clk 0:00:23]} 1-0

[Event "2012"]
[Site "Pyhajarve"]
[Date "2012.11.25"]
[Round "28.5"]
[White "SEPP, Olav"]
[Black "LAPIDUS, Mark"]
[Result "1/2-1/2"]
[LiveChessVersion "1.3.1"]
[BlackElo "2298"]
[WhiteElo "2446"]

1. Nf3 {[%clk 0:09:59]} d5 {[%clk 0:09:59]} 2. g3 {[%clk 0:09:58]} Nf6
{[%clk 0:09:58]} 3. Bg2 {[%clk 0:09:58]} c6 {[%clk 0:09:56]} 4. O-O
{[%clk 0:09:56]} Nbd7 {[%clk 0:09:52]} 5. d3 {[%clk 0:09:50]} e6 {[%clk 0:09:45]}
6. Nbd2 {[%clk 0:09:44]} Bd6 {[%clk 0:09:41]} 7. e4 {[%clk 0:09:43]} O-O
{[%clk 0:09:37]} 8. Re1 {[%clk 0:09:42]} Qc7 {[%clk 0:09:31]} 9. b3
{[%clk 0:09:40]} e5 {[%clk 0:09:05]} 10. Bb2 {[%clk 0:09:38]} Re8
{[%clk 0:09:03]} 11. exd5 {[%clk 0:09:11]} cxd5 {[%clk 0:09:01]} 12. c4
{[%clk 0:09:10]} dxc4 {[%clk 0:08:15]} 13. Nxc4 {[%clk 0:09:07]} Bb4
{[%clk 0:07:09]} 14. Re2 {[%clk 0:08:45]} e4 {[%clk 0:06:56]} 15. dxe4
{[%clk 0:08:36]} Rxe4 {[%clk 0:06:52]} 16. Rc1 {[%clk 0:06:14]} Rxe2
{[%clk 0:06:36]} 17. Qxe2 {[%clk 0:06:14]} Qd8 {[%clk 0:06:32]} 18. Rd1
{[%clk 0:05:53]} Qe7 {[%clk 0:06:12]} 19. Qxe7 {[%clk 0:05:16]} Bxe7 20. Nd4 Nc5
{[%clk 0:05:54]} 21. h3 {[%clk 0:04:53]} Bd7 {[%clk 0:05:32]} 22. g4
{[%clk 0:04:18]} Rd8 {[%clk 0:05:11]} 23. Nc2 {[%clk 0:04:00]} Be6
{[%clk 0:04:46]} 24. Rxd8+ {[%clk 0:03:56]} Bxd8 {[%clk 0:04:45]} 25. Bd4
{[%clk 0:03:35]} b6 {[%clk 0:04:39]} 26. N2e3 {[%clk 0:03:32]} Kf8
{[%clk 0:04:23]} 27. Be5 {[%clk 0:03:22]} Ncd7 {[%clk 0:04:08]} 28. Bc3
{[%clk 0:03:13]} Bc7 {[%clk 0:04:01]} 29. Kf1 {[%clk 0:03:02]} Ke8
{[%clk 0:03:36]} 30. Ke2 {[%clk 0:03:01]} g6 {[%clk 0:03:09]} 31. Bd4
{[%clk 0:02:57]} h5 {[%clk 0:03:04]} 32. g5 {[%clk 0:02:48]} Ng8 {[%clk 0:03:02]}
33. Nd5 {[%clk 0:02:32]} Bb8 {[%clk 0:02:56]} 34. a4 {[%clk 0:02:28]} Ne7
{[%clk 0:02:53]} 35. Nxe7 {[%clk 0:02:21]} Kxe7 {[%clk 0:02:52]} 36. Kd3
{[%clk 0:02:14]} Bf4 {[%clk 0:02:45]} 37. h4 {[%clk 0:02:13]} Bf5+
{[%clk 0:02:35]} 38. Kc3 {[%clk 0:02:12]} Nf8 {[%clk 0:02:32]} 39. a5
{[%clk 0:02:07]} bxa5 {[%clk 0:02:27]} 40. Bxa7 {[%clk 0:02:04]} Bc7
{[%clk 0:01:53]} 41. Bc5+ {[%clk 0:02:02]} Ke8 {[%clk 0:01:52]} 42. Nd6+
{[%clk 0:01:59]} Bxd6 {[%clk 0:01:48]} 43. Bxd6 {[%clk 0:01:58]} Ne6
{[%clk 0:01:44]} 44. Kc4 {[%clk 0:01:53]} Bc2 {[%clk 0:01:43]} 45. Bc6+
{[%clk 0:01:51]} Kd8 {[%clk 0:01:42]} 46. Bd5 {[%clk 0:01:47]} Kd7
{[%clk 0:01:41]} 47. Be5 {[%clk 0:01:43]} a4 {[%clk 0:01:38]} 48. bxa4
{[%clk 0:01:31]} Bxa4 {[%clk 0:01:36]} 49. f4 {[%clk 0:01:23]} Bc6
{[%clk 0:01:33]} 50. Bxe6+ {[%clk 0:00:17]} Kxe6 {[%clk 0:01:32]} 51. Bc3
{[%clk 0:00:16]} Kf5 {[%clk 0:01:31]} 52. Bd2 {[%clk 0:00:15]} Ke4
{[%clk 0:01:28]} 53. Kc5 {[%clk 0:00:14]} Bd5 {[%clk 0:01:27]} 54. Kd6
{[%clk 0:00:13]} Be6 {[%clk 0:01:25]} 55. Ke7 {[%clk 0:00:12]} Kd3
{[%clk 0:01:23]} 56. Be1 {[%clk 0:00:11]} Ke3 {[%clk 0:01:22]} 57. Kf6
{[%clk 0:00:10]} Kxf4 58. Bf2 Ke5+ 1/2-1/2

[Event "2012"]
[Site "Pyhajarve"]
[Date "2012.11.25"]
[Round "28.6"]
[White "SMITH, Axel"]
[Black "LEITO, Priit"]
[Result "1-0"]
[LiveChessVersion "1.3.1"]
[BlackElo "2333"]
[WhiteElo "2490"]

1. g3 {[%clk 0:09:59]} c5 {[%clk 0:09:56]} 2. Bg2 {[%clk 0:09:58]} Nc6
{[%clk 0:09:55]} 3. c4 {[%clk 0:09:55]} g6 {[%clk 0:09:54]} 4. Nf3
{[%clk 0:09:49]} Bg7 {[%clk 0:09:52]} 5. Nc3 {[%clk 0:09:46]} e5 {[%clk 0:09:49]}
6. d3 {[%clk 0:09:36]} Nge7 {[%clk 0:09:47]} 7. Nd2 {[%clk 0:09:34]} O-O
{[%clk 0:09:39]} 8. Nf1 {[%clk 0:09:33]} a6 {[%clk 0:09:28]} 9. Ne3
{[%clk 0:09:18]} Rb8 {[%clk 0:09:25]} 10. a4 {[%clk 0:09:08]} d6 {[%clk 0:09:19]}
11. O-O {[%clk 0:09:06]} Nb4 {[%clk 0:09:06]} 12. Ned5 {[%clk 0:08:44]} Nbxd5
{[%clk 0:09:05]} 13. Nxd5 {[%clk 0:08:43]} Nxd5 {[%clk 0:09:02]} 14. Bxd5
{[%clk 0:08:36]} Qe7 {[%clk 0:08:32]} 15. a5 {[%clk 0:08:23]} Be6
{[%clk 0:08:31]} 16. Bg2 {[%clk 0:07:33]} Rfd8 {[%clk 0:08:30]} 17. Be3
{[%clk 0:07:24]} Rbc8 {[%clk 0:07:52]} 18. Qb3 {[%clk 0:07:12]} Qd7
{[%clk 0:07:45]} 19. Qxb7 {[%clk 0:06:59]} Rc7 {[%clk 0:06:05]} 20. Qb6
{[%clk 0:06:41]} Ra7 {[%clk 0:05:10]} 21. Ra3 {[%clk 0:06:18]} Rc8
{[%clk 0:04:32]} 22. Rb3 {[%clk 0:06:06]} Bf6 {[%clk 0:04:29]} 23. Bb7
{[%clk 0:05:52]} 1-0

[Event "2012"]
[Site "Pyhajarve"]
[Date "2012.11.25"]
[Round "29.1"]
[White "SHORT, Nigel"]
[Black "PUUSEPP, Kaimar"]
[Result "1-0"]
[LiveChessVersion "1.3.1"]
[BlackElo "2273"]
[WhiteElo "2702"]

1. e4 {[%clk 0:05:59]} d6 {[%clk 0:13:53]} 2. Nc3 {[%clk 0:05:57]} Nf6
{[%clk 0:13:52]} 3. f4 {[%clk 0:05:56]} g6 {[%clk 0:13:37]} 4. Nf3
{[%clk 0:05:54]} Bg7 {[%clk 0:13:36]} 5. Bc4 {[%clk 0:05:52]} O-O
{[%clk 0:13:31]} 6. d3 {[%clk 0:05:29]} c6 {[%clk 0:13:28]} 7. O-O
{[%clk 0:05:21]} d5 {[%clk 0:13:24]} 8. Bb3 {[%clk 0:05:19]} Bg4 {[%clk 0:13:03]}
9. h3 {[%clk 0:05:08]} Bxf3 {[%clk 0:13:01]} 10. Qxf3 {[%clk 0:05:06]} e6
{[%clk 0:12:25]} 11. Kh1 {[%clk 0:04:59]} Nbd7 {[%clk 0:12:16]} 12. e5
{[%clk 0:04:39]} Ne8 {[%clk 0:12:10]} 13. Ne2 {[%clk 0:04:37]} Nc5
{[%clk 0:11:54]} 14. Be3 {[%clk 0:04:35]} Nxb3 {[%clk 0:11:51]} 15. axb3
{[%clk 0:04:33]} b6 {[%clk 0:11:18]} 16. b4 {[%clk 0:04:31]} Nc7 {[%clk 0:10:32]}
17. c3 {[%clk 0:04:28]} f6 {[%clk 0:10:09]} 18. exf6 {[%clk 0:04:14]} Bxf6
{[%clk 0:10:03]} 19. Qg3 {[%clk 0:04:12]} Qd6 {[%clk 0:09:14]} 20. Bd4
{[%clk 0:04:10]} c5 {[%clk 0:08:35]} 21. bxc5 {[%clk 0:04:02]} bxc5
{[%clk 0:08:34]} 22. Bxf6 {[%clk 0:03:49]} Rxf6 {[%clk 0:08:34]} 23. Qe3
{[%clk 0:03:35]} Qb6 {[%clk 0:07:45]} 24. b4 {[%clk 0:03:33]} cxb4
{[%clk 0:07:14]} 25. Qxb6 {[%clk 0:03:32]} axb6 {[%clk 0:07:14]} 26. Rxa8+
{[%clk 0:03:30]} Nxa8 {[%clk 0:07:13]} 27. cxb4 {[%clk 0:03:29]} Nc7
{[%clk 0:06:57]} 28. Kg1 {[%clk 0:03:22]} Na6 {[%clk 0:06:29]} 29. Rb1
{[%clk 0:03:20]} Rf8 {[%clk 0:06:13]} 30. g3 {[%clk 0:03:19]} Rc8
{[%clk 0:06:07]} 31. Kf2 {[%clk 0:03:14]} Kf7 {[%clk 0:06:02]} 32. Ke3
{[%clk 0:03:12]} Rc2 {[%clk 0:05:22]} 33. g4 {[%clk 0:03:10]} Nc7
{[%clk 0:04:21]} 34. Ra1 {[%clk 0:03:05]} d4+ {[%clk 0:03:59]} 35. Nxd4
{[%clk 0:02:50]} Nd5+ {[%clk 0:03:59]} 36. Kf3 {[%clk 0:02:46]} Rc3
{[%clk 0:03:30]} 37. Ra7+ {[%clk 0:02:42]} Kg8 {[%clk 0:03:08]} 38. Ke4
{[%clk 0:02:40]} Nxb4 {[%clk 0:02:45]} 39. Nxe6 {[%clk 0:02:38]} Rc8
{[%clk 0:02:09]} 40. d4 {[%clk 0:02:31]} Rc3 {[%clk 0:01:44]} 41. Rg7+
{[%clk 0:02:28]} Kh8 {[%clk 0:01:42]} 42. Rb7 {[%clk 0:02:26]} Kg8
{[%clk 0:01:35]} 43. Rxb6 {[%clk 0:02:24]} Nc2 {[%clk 0:01:23]} 44. Ke5
{[%clk 0:02:17]} Ne3 {[%clk 0:01:06]} 45. Rb8+ {[%clk 0:02:14]} Kf7
{[%clk 0:01:02]} 46. Rb7+ {[%clk 0:02:12]} Kg8 {[%clk 0:00:54]} 47. Rg7+
{[%clk 0:02:07]} Kh8 {[%clk 0:00:53]} 48. Rd7 {[%clk 0:02:06]} Kg8
{[%clk 0:00:52]} 49. Ke4 1-0

[Event "2012"]
[Site "Pyhajarve"]
[Date "2012.11.25"]
[Round "29.2"]
[White "NYBACK, Tomi"]
[Black "POOM, Mati"]
[Result "1-0"]
[LiveChessVersion "1.3.1"]
[BlackElo "1824"]
[WhiteElo "2631"]

1. d4 {[%clk 0:01:58]} d5 {[%clk 0:18:00]} 2. c4 e6 3. Nf3 {[%clk 0:01:56]} Nf6
{[%clk 0:17:57]} 4. Nc3 {[%clk 0:01:55]} Be7 {[%clk 0:17:56]} 5. Bf4
{[%clk 0:01:53]} Bd6 {[%clk 0:17:54]} 6. Bg5 {[%clk 0:01:52]} Be7
{[%clk 0:17:53]} 7. e3 {[%clk 0:01:51]} O-O {[%clk 0:17:52]} 8. Qc2
{[%clk 0:01:50]} h6 {[%clk 0:17:51]} 9. Bh4 {[%clk 0:01:49]} Nbd7
{[%clk 0:17:45]} 10. Bd3 {[%clk 0:01:48]} Re8 {[%clk 0:17:44]} 11. O-O
{[%clk 0:01:46]} Nf8 {[%clk 0:17:40]} 12. Rac1 {[%clk 0:01:44]} b6
{[%clk 0:17:37]} 13. cxd5 {[%clk 0:01:43]} Nxd5 {[%clk 0:17:34]} 14. Nxd5
{[%clk 0:01:41]} Bxh4 {[%clk 0:17:28]} 15. Nxc7 {[%clk 0:01:39]} Bxf2+
{[%clk 0:17:26]} 16. Qxf2 {[%clk 0:01:37]} Rb8 {[%clk 0:17:01]} 17. Nxe8
{[%clk 0:01:35]} Qxe8 {[%clk 0:17:00]} 18. Ne5 {[%clk 0:01:33]} Bb7
{[%clk 0:16:52]} 19. Rc7 {[%clk 0:01:29]} f6 {[%clk 0:16:30]} 20. Rxg7+
{[%clk 0:01:27]} Kxg7 {[%clk 0:16:25]} 21. Qxf6+ {[%clk 0:01:26]} Kg8
{[%clk 0:16:14]} 22. Nf7 {[%clk 0:01:24]} 1-0

[Event "2012"]
[Site "Pyhajarve"]
[Date "2012.11.25"]
[Round "29.3"]
[White "MIEZIS, Normunds"]
[Black "SMITH, Axel"]
[Result "0-1"]
[LiveChessVersion "1.3.1"]
[BlackElo "2490"]
[WhiteElo "2512"]

1. c4 {[%clk 0:07:57]} e5 {[%clk 0:11:59]} 2. Nc3 {[%clk 0:07:52]} Bb4
{[%clk 0:11:59]} 3. g3 {[%clk 0:07:47]} Bxc3 {[%clk 0:11:57]} 4. dxc3
{[%clk 0:07:45]} d6 {[%clk 0:11:54]} 5. Bg2 {[%clk 0:07:43]} Ne7 {[%clk 0:11:50]}
6. e4 {[%clk 0:07:41]} Nbc6 {[%clk 0:11:39]} 7. Nf3 {[%clk 0:07:39]} O-O
{[%clk 0:11:35]} 8. O-O {[%clk 0:07:35]} Be6 {[%clk 0:11:28]} 9. b3
{[%clk 0:07:27]} h6 {[%clk 0:11:20]} 10. h3 {[%clk 0:07:22]} Qd7 {[%clk 0:11:09]}
11. Kh2 {[%clk 0:07:19]} f5 {[%clk 0:10:29]} 12. exf5 {[%clk 0:07:16]} Bxf5
{[%clk 0:10:25]} 13. Qe2 {[%clk 0:06:57]} Bh7 {[%clk 0:09:52]} 14. Nd2
{[%clk 0:06:54]} Rf7 {[%clk 0:09:31]} 15. Ne4 {[%clk 0:06:51]} Raf8
{[%clk 0:09:27]} 16. Ba3 {[%clk 0:06:41]} b6 {[%clk 0:09:21]} 17. Rad1
{[%clk 0:06:37]} Qf5 {[%clk 0:09:08]} 18. Rd2 {[%clk 0:05:31]} Nd8
{[%clk 0:08:41]} 19. Qg4 {[%clk 0:05:09]} Ne6 {[%clk 0:08:15]} 20. Qxf5
{[%clk 0:04:57]} Bxf5 {[%clk 0:07:57]} 21. Nxd6 {[%clk 0:04:40]} cxd6
{[%clk 0:07:49]} 22. Bxd6 {[%clk 0:04:37]} e4 {[%clk 0:07:26]} 23. Re1
{[%clk 0:03:56]} Ng5 {[%clk 0:06:30]} 24. h4 {[%clk 0:03:51]} Nh7
{[%clk 0:06:30]} 25. Bxe4 {[%clk 0:03:40]} Bxe4 {[%clk 0:06:22]} 26. Rxe4
{[%clk 0:03:38]} Rd8 {[%clk 0:05:50]} 27. Kg2 {[%clk 0:03:34]} Nf5
{[%clk 0:05:41]} 28. Bf4 {[%clk 0:03:25]} Rxd2 {[%clk 0:05:31]} 29. Bxd2
{[%clk 0:03:24]} Rd7 {[%clk 0:05:20]} 30. Bf4 {[%clk 0:03:21]} Nf6
{[%clk 0:05:12]} 31. Re5 {[%clk 0:03:17]} Ne7 {[%clk 0:05:11]} 32. a4
{[%clk 0:03:06]} Kf7 {[%clk 0:05:10]} 33. Re1 {[%clk 0:03:00]} Nc6
{[%clk 0:05:05]} 34. b4 {[%clk 0:02:56]} Rd3 {[%clk 0:04:54]} 35. b5
{[%clk 0:02:37]} Na5 {[%clk 0:04:52]} 36. Bb8 {[%clk 0:02:27]} Rxc3
{[%clk 0:04:35]} 37. Bxa7 {[%clk 0:02:18]} Nxc4 {[%clk 0:04:33]} 38. Rd1
{[%clk 0:01:57]} Ra3 {[%clk 0:04:22]} 39. Rd4 {[%clk 0:01:40]} Rxa4
{[%clk 0:04:09]} 40. Bb8 {[%clk 0:01:39]} Ke6 {[%clk 0:03:53]} 41. Bf4
{[%clk 0:01:28]} Nd5 {[%clk 0:03:22]} 42. Bc1 {[%clk 0:01:26]} Nc7
{[%clk 0:03:13]} 43. Kh3 {[%clk 0:01:18]} Nxb5 {[%clk 0:03:09]} 44. Re4+
{[%clk 0:01:14]} Kf7 {[%clk 0:02:56]} 45. Rf4+ {[%clk 0:01:12]} Kg8
{[%clk 0:02:52]} 46. h5 {[%clk 0:01:11]} Nbd6 {[%clk 0:02:44]} 47. Rg4
{[%clk 0:01:10]} Kf7 {[%clk 0:02:40]} 48. Rf4+ {[%clk 0:01:07]} Ke6
{[%clk 0:02:38]} 49. Rg4 {[%clk 0:01:06]} Kf7 {[%clk 0:02:29]} 50. Rf4+
{[%clk 0:01:04]} Kg8 {[%clk 0:02:29]} 51. Rg4 {[%clk 0:00:58]} Kh7
{[%clk 0:02:28]} 52. Bf4 {[%clk 0:00:50]} Ra5 {[%clk 0:02:27]} 53. Kg2
{[%clk 0:00:37]} Rxh5 {[%clk 0:02:24]} 54. Bc1 {[%clk 0:00:35]} b5
{[%clk 0:02:12]} 55. Rd4 {[%clk 0:00:33]} b4 {[%clk 0:01:48]} 56. Bf4
{[%clk 0:00:32]} b3 {[%clk 0:01:47]} 57. Bxd6 {[%clk 0:00:25]} b2
{[%clk 0:01:46]} 0-1